| Tag |
First Indicator |
Second Indicator |
Subfields |
| LEADER |
00000cam a2200000Ia 4500 |
| 001 |
in00002812675 |
| 005 |
20151203084525.0 |
| 008 |
130311s2012 dcua b 000 0 eng d |
| 035 |
|
|
|a (OCoLC)ocn829714181
|
| 035 |
|
|
|a (OCoLC)829714181
|
| 040 |
|
|
|a TXA
|c TXA
|d UtOrBLW
|
| 043 |
|
|
|a n-us---
|
| 049 |
|
|
|a TXAM
|
| 090 |
|
|
|a GE80
|b .F45 2012
|
| 100 |
1 |
|
|a Feldman, Allison.
|
| 245 |
1 |
0 |
|a Federal funding for environmental research and development, 2012 :
|b developed for the Council of Environmental Deans and Directors of the National Council for Science and the Environment /
|c Allison Felman, David Blockstein and Peter Saundry.
|
| 264 |
|
1 |
|a Washington, DC :
|b National Council for Science and the Environment,
|c 2012.
|
| 300 |
|
|
|a 123 pages :
|b illustrations ;
|c 28 cm.
|
| 336 |
|
|
|a text
|b txt
|2 rdacontent
|
| 337 |
|
|
|a unmediated
|b n
|2 rdamedia
|
| 338 |
|
|
|a volume
|b nc
|2 rdacarrier
|
| 500 |
|
|
|a "September 2012"
|
| 504 |
|
|
|a Includes bibliographical references.
|
| 650 |
|
0 |
|a Environmental sciences
|x Research
|z United States
|x Finance.
|
| 650 |
|
0 |
|a Federal aid to research
|z United States.
|
| 650 |
|
0 |
|a Environmental policy
|z United States.
|
| 700 |
1 |
|
|a Blockstein, David E.,
|d 1956-
|
| 700 |
1 |
|
|a Saundry, Peter.
|
| 710 |
2 |
|
|a National Council for Science and the Environment (U.S.)
|
| 994 |
|
|
|a C0
|b TXA
|
| 948 |
|
|
|a cataloged
|b h
|c 2013/3/11
|d o
|e nbehmer
|f 5:15:14 pm
|
| 999 |
|
|
|a MARS
|
| 999 |
f |
f |
|s a488d487-3566-3798-861e-7616f94b619f
|i 23172586-b3e7-3ab4-8a2f-ac5ca2e78800
|t 0
|
| 952 |
f |
f |
|p ric
|a Texas A&M University
|b Rellis Campus
|c Joint Library Facility
|d Remote Storage
|t 0
|e GE80 .F45 2012
|h Library of Congress classification
|i unmediated -- volume
|m A14841760979
|
| 998 |
f |
f |
|a GE80 .F45 2012
|t 0
|l Remote Storage
|